000 00283nam a22001337a 4500
008 170407b xxu||||| |||| 00| 0 eng d
020 _a3541707216
041 _aeng
080 _a611.018
100 _a9
101 _ashm
245 _aHISTOPATHOLOGY
_cGRUNDMANN
942 _2udc
_cBK
999 _c10074
_d10074